Movies Quiz

Random Movies or Marvel Quiz

'Avengers: Infinity War' Start to Finish Quiz Stats

 Plays Quiz Updated Sep 23, 2019

Score 0/10 Timer 04:00
88 Plays Today
% Correct
???
100%
???
82.9%
???
56.9%
???
51.1%
???
45.5%
???
30%
???
23.2%
???
21.8%
???
21.7%
???
21.7%

You're not logged in!

Compare scores with friends on all Sporcle quizzes.
OR
Log In

Sporcle TV

Today on Sporcle TV


Watch our educational content, quiz creation guides, and fun videos on Sporcle TV.

Show Comments

Extras

Top Quizzes Today


Score Distribution

Your Account Isn't Verified!

In order to create a playlist on Sporcle, you need to verify the email address you used during registration. Go to your Sporcle Settings to finish the process.

Report this User

Report this user for behavior that violates our Community Guidelines.

Details: